Využitie e-learningu ako podpornej metódy vo vyučovaní ruského jazyka
Možnosti využitia on-line vyučovania v kurzoch ruského jazyka pre mierne pokročilých študentov v dennej a dištančnej forme štúdia. Výhody a nevýhody tejto vyučovacej metódy. Prezentácia 1. lekcie on-line učebnice Ruský jazyk pre ekonómov.
Saved in:
| Main Author: | |
|---|---|
| Format: | Book Chapter |
| Language: | Slovak |
| Subjects: | |
| Tags: |
No Tags, Be the first to tag this record!
|
MARC
| LEADER | 00000nla$a2200000$$$4500 | ||
|---|---|---|---|
| 001 | 0092166 | ||
| 005 | 20240502072029.2 | ||
| 041 | 0 | |a slo | |
| 044 | |a SK | ||
| 245 | 1 | 0 | |a Využitie e-learningu ako podpornej metódy vo vyučovaní ruského jazyka |c Silvia Kokošková |
| 520 | |a Možnosti využitia on-line vyučovania v kurzoch ruského jazyka pre mierne pokročilých študentov v dennej a dištančnej forme štúdia. Výhody a nevýhody tejto vyučovacej metódy. Prezentácia 1. lekcie on-line učebnice Ruský jazyk pre ekonómov. | ||
| 610 | 2 | 0 | |a vzdelávanie vysokoškolské |
| 610 | 2 | 0 | |a vzdelávanie dištančné |
| 610 | 2 | 0 | |a vzdelávanie celoživotné |
| 610 | 2 | 0 | |a vzdelávanie elektronické |
| 610 | 2 | 0 | |a ruština |
| 610 | 2 | 0 | |a učebnice |
| 100 | 1 | |a Kokošková, Silvia | |